戰爭與和平
| 資料類型: | 圖書 | 書目號: | 29533 |
Leader xxxxxxxxxx 001 __ PCLIS00029533 005 __ 20020913152511.11 010 0_ |a957-5700449|b平裝|dNT$120 020 __ |acw|b82005151 100 __ |a20020913d2002 0chib0109 e 101 0_ |achi 102 __ |acw 105 __ |aa z 000yy 200 1_ |a戰爭與和平|e|f李奧.托爾斯泰原著|g 205 __ |a革新七刷 210 __ |a臺北市|c東方|d民82年 215 0_ |a309面|c圖|d21公分 225 1_ |a世界少年文選精選|v12 681 __ |a859.6|b 700 __ |a李奧.|b托爾斯泰|4原著 702 _1 |a廖|b清秀|4改寫 801 __ |acw|b本館|c20020913 |